TOP 10 najdroższych piłkarzy z Bundesligi! - Statystyki

Ogólne statystyki
  • Ten quiz został rozwiązany 1 053 razy
  • Średni wynik to 6 z 10
Statystyki odpowiedzi
Informacje Piłkarz % Poprawnych
7. 70 mln € (Polska) Robert Lewandowski
99%
1. 130 mln € (Anglia) Jadon Sancho
77%
10. 65 mln € (Austria) David Alaba
72%
6. 80 mln € (Norwegia Erling Braut Haland
70%
2. 90 mln € (Niemcy) Serge Gnabry
59%
4. 80 mln € (Niemcy) Joshua Kimmich
57%
5. 80 mln € (Niemcy) Timo Werner
46%
3. 90 mln € (Niemcy) Kai Havertz
43%
8. 70 mln € (Brazylia) Phillipe Coutinho
43%
9. 70 mln € (Francja) Lucas Hernandez
39%
Nie znaleziono quizów pasujących do podanych kryteriów
Rozkład punktacji
Procent ludzi z każdym wynikiem
Percentyl według liczby udzielonych odpowiedzi
Twoja historia wyników
Nie rozwiązałeś tego quizu